| 000 | 004810000a22001810004500 | ||
|---|---|---|---|
| 003 | MACL | ||
| 005 | 20151219153435.0 | ||
| 008 | 151219b xxu||||| |||| 00| 0 eng d | ||
| 040 |
_aMACL _cMACL |
||
| 041 | _aEnglish | ||
| 082 | _a647.95/CAS | ||
| 100 |
_aCasamassima, Christy _921466 |
||
| 245 |
_aRestaurant 2000 _bDining Design 3 |
||
| 260 |
_bPBC International Inc _c1998 |
||
| 350 | _a3095 | ||
| 650 |
_aManagement of Public house hold _921467 |
||
| 942 |
_cBK _k674.95/CAS _2ddc |
||
| 999 |
_c40195 _d40195 |
||